Most Redneck US States - Statistics

General Stats
  • This quiz has been taken 174 times
  • The average score is 8 of 10
Answers on the Map
Answers color-coded by a green-red scale on the quiz's map according to % correct below.
 
Answer Stats
Rating State % Correct
32.97 Alabama
93%
35.10 Mississippi
90%
37.20 Arkansas
89%
28.50 Kentucky
88%
26.70 Louisiana
88%
25.90 Oklahoma
83%
32.10 South Carolina
83%
31.80 West Virginia
81%
31.60 Wyoming
65%
33.10 New Mexico
53%
No matching quizzes found
Score Distribution
Percent of People with Each Score
Percentile by Number Answered
Your Score History
You have not taken this quiz